000 01101nam a2200169 4500
001 14073
005 20260417121157.0
010 _a9782807104518
090 _a14073
099 _o0
100 _a20260417d u||y0frey50 ba
200 _aL'âme de l'A
_bLIVR
214 _cLansman editeur
323 _a10 personnages
330 _aElle trônait depuis trente ans au beau milieu de la cité des Douze-Cents : dix-sept étages d'une cage à lapins avec ses murs minces comme du papier, ses escaliers branlants, ses ascenseurs délabrés. Un symbole fissuré d'une certaine "modernité" que les services de salubrité ont enfin décidé de raser. Malgré les palissades et les interdits, des jeunes du quartier y retournent comme dans une sorte de pèlerinage. Ils veulent explorer ensemble, une dernière fois, ce grand corps vide en y traquant les traces de vie laissées par les familles qui l'occupaient. L'âme de l'A évoque avant tout, avec bonheur et tendresse, l'attachement aux souvenirs d'enfance ainsi que le passage à l'adolescence.
610 _aville
_aurbanisme
_aenfance
700 _aMartone
_bPhilipppe